|
|
|
|
| LEADER |
01468nam a2200253 i 4500 |
| 001 |
10020798 |
| 003 |
upatras |
| 005 |
20240917092055.0 |
| 008 |
990309s1997 gr gre d |
| 040 |
|
|
|a GR-PaULI
|c GR-PaULI
|b gre
|e AACR2
|
| 082 |
0 |
4 |
|a 889.134
|2 23
|
| 100 |
1 |
|
|a Παυλόπουλος, Γιώργης,
|d 1924-
|9 81817
|e συγγραφέας
|
| 245 |
1 |
0 |
|a Λίγος άμμος /
|c Γιώργης Παυλόπουλος.
|
| 260 |
|
|
|a Αθήνα:
|b Νεφέλη,
|c 1997.
|
| 300 |
|
|
|a 42 σ.;
|c 17 σ.
|
| 852 |
|
|
|a GR-PaULI
|b ΠΑΤΡΑ
|b ΒΚΠ
|b ΒΣ2
|k ΑΣΧΕ
|h 889.19 Π
|m 041404
|p 025000004878
|t 1
|
| 852 |
|
|
|a GR-PaULI
|b ΠΑΤΡΑ
|b ΦΙΛΟΛΟΓΙΑ
|k ΔΑΝΕΙΖ-6
|h 889.15 ΠΑΥ
|m 010583
|p 025000178324
|t 2
|
| 942 |
|
|
|2 ddc
|c BK15
|
| 952 |
|
|
|0 0
|1 0
|2 ddc
|4 0
|6 889_134000000000000_ΠΑΥ
|7 0
|9 181117
|a LISP
|b LISP
|c BSC
|d 2016-04-24
|i 041404
|l 0
|o 889.134 ΠΑΥ
|p 025000004878
|r 2016-04-24 00:00:00
|t 1
|v 2016.00
|w 2016-04-24
|y BK15
|
| 952 |
|
|
|0 0
|1 0
|2 ddc
|4 0
|6 889_134000000000000_ΠΑΥ
|7 0
|9 181118
|a LISP
|b LISP
|c BSC
|d 2016-04-24
|i 010583
|l 0
|o 889.134 ΠΑΥ
|p 025000178324
|r 2016-04-24 00:00:00
|t 2
|v 2016.00
|w 2016-04-24
|y BK15
|x Μεταφορά Τμήματος Φιλολογίας
|
| 952 |
|
|
|0 0
|1 0
|2 ddc
|4 0
|6 889_134000000000000_ΠΑΥ
|7 0
|9 240358
|a LISP
|b LISP
|c DON
|d 2020-04-28
|e ΓΑΛ
|i 143417
|l 0
|o 889.134 ΠΑΥ
|p 025000269634
|r 2020-04-28 00:00:00
|t 3
|v 2020.00
|w 2020-04-28
|y BKN
|
| 998 |
|
|
|c ΠΑΝΑΓΟΠΟΥΛΟΥ
|d 1999-03
|
| 998 |
|
|
|c ΣΑΤΛΑΝΗΣ
|d 2020-04
|
| 999 |
|
|
|c 111957
|d 111957
|